Benefits Relating to Service in the Philippines During World War II : hearings before the United States House Committee on Veterans Affairs, Eightieth Congress, second session, on May 27, June 10, 1948.

Considers (80) H.R. 4073.

Bibliographic Details
Corporate Authors: United States. Congress. House. Committee on Veterans' Affairs, ProQuest (Firm)
Format: Government Document eBook
Language:English
Published: Washington : U.S. G.P.O., 1948.
Series:U.S. Congressional Hearings.
Subjects:
Online Access:Connect to the full text of this electronic book

MARC

Tag First Indicator Second Indicator Subfields
LEADER 00000cam a22000001a 4500
001 in00003178708
006 m d f
007 cr bn mmmapmmp
008 090617s1948 dcu o f000 0 eng d
005 20260504165912.3
035 |a cis2007418426 
040 |a UMI  |c UMI  |d UtOrBLW 
043 |a n-us--- 
086 0 |a Y 4.V 64/3:P 53/4 
099 |a HRG-1948-VAH-0024 
110 1 |a United States.  |b Congress.  |b House.  |b Committee on Veterans' Affairs. 
245 1 0 |a Benefits Relating to Service in the Philippines During World War II :  |b hearings before the United States House Committee on Veterans Affairs, Eightieth Congress, second session, on May 27, June 10, 1948. 
264 1 |a Washington :  |b U.S. G.P.O.,  |c 1948. 
300 |a 1 online resource. 
336 |a text  |b txt  |2 rdacontent 
337 |a computer  |b c  |2 rdamedia 
338 |a online resource  |b cr  |2 rdacarrier 
500 |a Record is based on bibliographic data in ProQuest Congressional Hearings Digital Collection. Reuse except for individual research requires license from ProQuest, LLC. 
520 |a Considers (80) H.R. 4073. 
538 |a System requirements: PDF reader software. 
500 |a Electronic resource. 
650 0 |a Veterans  |x Legal status, laws, etc.  |z United States. 
655 7 |a Electronic books.  |2 local 
710 2 |a ProQuest (Firm) 
776 0 8 |i Print version:  |a United States. Congress. House. Committee on Veterans' Affairs.  |t Benefits Relating to Service in the Philippines During World War II 
776 0 8 |i Microfiche version:  |a United States. Congress. House. Committee on Veterans' Affairs.  |t Benefits Relating to Service in the Philippines During World War II.  |d [Bethesda, Md.] : ProQuest,[2004]  |o CIS Hrgs MF Gp 3--(80) H1214-4  |w (ProQuest)cis10501526 
830 0 |a U.S. Congressional Hearings. 
856 4 0 |u http://proxy.library.tamu.edu/login?url=https://congressional.proquest.com/congcomp/getdoc?HEARING-ID=HRG-1948-VAH-0024  |z Connect to the full text of this electronic book  |t 0 
998 |a cis10501526 
999 |a MARS 
999 f f |s 4ec7f2cc-c6ac-3e07-b969-d1c001a1937e  |i 34210a55-3baf-3e74-b379-8832468b746c  |t 0 
952 f f |a Texas A&M University  |b College Station  |c Electronic Resources  |s www_evans  |d Available Online  |t 0  |e HRG-1948-VAH-0024  |h Other scheme 
998 f f |a HRG-1948-VAH-0024  |t 0  |l Available Online